• 首页
  • 本馆介绍
  • 公告通知
  • 最新文献
  • 馆藏检索
  • 电子资源
  • 读者导购
  • 参考咨询
  • 我的图书馆
  • 登录
  • 详细信息显示
  • 放入我的书架
  • 预约/预借图书
  • 作者相关作品
  • 分类相关作品
  • 丛书相关作品
  • 出版社相关作品

书目信息

  • 表格格式
  • 工作单格式
  • 卡片格式
题名:
化学
    
 
作者: ;人民教育出版社化学室 编
分册:  
出版信息: 北京   人民教育出版社  1984
页数: 351页
开本: 19cm
丛书名: 各类成人高等学校招生考试复习丛书
单 册:
中图分类: G723.48 , G633.8
科图分类:
主题词: 化学--成人教育--升学参考资料 , 教育--各级
电子资源:
ISBN:
000 00794nam2 2200277 45
001 1549900259
005 20150128135217.65
010    @dCNY0.48
091    @aCN@b7012.0810
100    @a19950705d1984 em y0chiy0121 ea
101 0  @achi
102    @aCN@b110000
105    @ay z 000yy
200 10 @a化学@Ahua xue@f人民教育出版社化学室编
210    @a北京@c人民教育出版社@d1984
215    @a351页@d19cm
225 2  @a各类成人高等学校招生考试复习丛书
410  0 @120010@a各类成人高等学校招生考试复习丛书
606    @a化学@x成人教育@x升学参考资料
606 0  @a教育@x各级
690    @aG723.48@v3
690    @aG633.8@v4
711 02 @a人民教育出版社化学室@Aren min jiao yu chu ban she hua xue shi@4编
801  0 @aCN@bTSSF@c20150128
801  2 @aCN@bNLC
905    @aZUCC@dG633.8@eJY20
    
    化学/人民教育出版社化学室编.-北京:人民教育出版社,1984
    351页;19cm.-(各类成人高等学校招生考试复习丛书)
    
    
    ISBN :CNY0.48
    
●
相关链接 在E读中查询图书 在五车中查询图书 在当当中查询图书 在豆瓣中查询图书


正题名:化学     索取号:G633.8/JY20         预约/预借

序号 登录号 条形码 馆藏地/架位号 状态 备注
1 7837241   278372413   学院路分馆/ [索取号:G633.8/JY20] 在馆    
唐山师范学院图书馆 欢迎您!
大连网信软件有限公司© 版权所有